Manners & etiquette @ work place / (Record no. 157933)

MARC details
000 -LEADER
fixed length control field 00534nam a22001817a 4500
005 - DATE AND TIME OF LATEST TRANSACTION
control field 20181011114427.0
010 ## - LCCN (DPL NO)
LC control number ENG-124233
020 ## - INTERNATIONAL STANDARD BOOK NUMBER
International Standard Book Number 9789350578773
Terms of availability 175.00
035 ## - SYSTEM CONTROL NUMBER
System control number EN-107765
037 ## - SOURCE OF ACQUISITION
Source of stock number/acquisition DBAD/PUB.
082 ## - DEWEY DECIMAL CLASSIFICATION NUMBER
Classification number 395.52
100 ## - MAIN ENTRY--PERSONAL NAME
Personal name Gupta, Seema
245 ## - TITLE STATEMENT
Title Manners & etiquette @ work place /
Statement of responsibility, etc by Seema Gupta
260 ## - PUBLICATION, DISTRIBUTION, ETC. (IMPRINT)
Place of publication, distribution, etc New Delhi
Name of publisher, distributor, etc V&S Publishers
Date of publication, distribution, etc 2017
270 ## - ADDRESS
Address F-2/16, Ansari Road, Daryaganj,
City New Delhi
Postal code 110002
300 ## - PHYSICAL DESCRIPTION
Extent 71p.
Dimensions 21cm(pbk)
Other physical details ill.
942 ## - ADDED ENTRY ELEMENTS (KOHA)
Source of classification or shelving scheme Dewey Decimal Classification
Item type English Books
Call number suffix GUP
Classification part 395.52
Holdings
Withdrawn status Lost status Not for loan Collection code Home library Current library Date acquired Source of acquisition Cost, normal purchase price Full call number Barcode Copy number Cost, replacement price Koha item type
    Not For Loan Non-fiction D.B.Act.Division Patel Nagar 11/10/2018 DBAD/PUB 175.00 395.52 GUP EN-107765 1 175.00 English Books

© Delhi Public Library
Hit Counter
free hit counter